000 00249nam a2200097Ia 4500
001 1009855
005 20250826230710.0
008 250824s9999 xx 000 0 und d
245 0 _aSÜMBÜLLÜ KÖŞK
_cBİLGİN ADALI
260 _bHEP KİTAP YAYINLARI
999 _c1009855
_d1009855